Les villes les plus peuplées de France commençant par L - Statistiques

Statistiques générales
  • Ce quiz a été pris 120 fois
    115 depuis la dernière actualisation
  • Le résultat moyen est 7 sur 15
Statistiques - réponses
Départements Population Villes % Correct
Nord 234 000 Lille
99%
Rhône 523 000 Lyon
98%
Haute Vienne 131 000 Limoges
85%
Morbihan 57 000 Lorient
82%
Pas-de-Calais 31 000 Lens
76%
Mayenne 50 000 Laval
74%
Aisne 24 000 Laon
56%
Hauts de Seine 66 000 Levallois-Perret
37%
Gironde 24 000 Libourne
37%
Martinique (Le) 40 000 Le Lamentin
28%
Seine Saint Denis 46 000 Livry-Gargan
26%
Hérault 26 000 Lunel
20%
Pas-de-Calais 30 000 Liévin
19%
Nord 27 000 Lambersart
6%
Val de Marne 28 000 Limeil-Brévannes
4%
Aucun quiz correspondant
Distribution des résultats
% des personnes avec chaque résultat
Percentile par nombre de réponses
Votre historique - résultats
Vous n’avez pas pris ce quiz depuis la dernière actualisation